000 00524nam a2200217Ia 4500
003 OSt
005 20221005122439.0
006 a|||||r|||| 00| 0
007 ta
008 221004b |||||||| |||| 00| 0 kan d
024 _a62146
037 _cTextual
040 _aCRL
_cCRL
_bkan
041 _2kan
_akan
082 _aP32, N9
245 0 _aJournal of research and literarystudies marayalam
260 _c1994
650 _aLINGUISTICS
942 _hP32, N9
_cTEXL
_2cc
999 _c1044326
_d1044326